000 00509nam a2200169Ia 4500
008 240428s9999||||xx |||||||||||||| ||und||
020 _a9988018681
041 _afre
082 _a027A.:
100 _aAntwi, I .K.
245 0 _aProceedings of Wala 2001 conference, Gimpa Accra, Ghana. September 12-14, 2001
260 _bWest African Library Association
_aAccra
_c2002
300 _axi,78p.,tabs. illus.
650 _acountry report - role of national libraries associations
942 _cBK
999 _c463
_d463